Štatistické informácie
| Format: | Serial |
|---|---|
| Language: | Slovak |
| Published: |
Bratislava
SŠÚ
1973
|
MARC
| LEADER | 00000cas a2200000 a 4500 | ||
|---|---|---|---|
| 001 | vtls001348453 | ||
| 003 | SK-MaSNL | ||
| 005 | 20260221112439.0 | ||
| 008 | 981116d19731973xo u| 0 0 0slo | ||
| 035 | |a SNK000301735 | ||
| 040 | |a SNK |b slo |c SNK |e AACR2 | ||
| 041 | 0 | |a slo | |
| 044 | |a xo |c SK | ||
| 245 | 0 | 0 | |a Štatistické informácie |
| 260 | |a Bratislava |b SŠÚ |c 1973 | ||
| 910 | |a snk | ||
| 999 | |c 478 |d 2408 | ||
| 952 | |0 0 |1 0 |4 0 |7 0 |a SNK |b SNK |d 1998-11-16 |l 0 |o snkČSB 3347/1973 |p 17A0169850 |r 2005-01-02 00:00:00 |w 2026-02-21 |y PREZ | ||


